000 00462nam a2200193Ia 4500
003 GCL
008 140319s9999 xx 000 0 eng d
040 _aGCL /
_cGCL
082 0 4 _a871
_bO M
100 1 _aOVID
245 1 0 _aTHE METAMORPHOSES OF OVID /
_cOVID
700 1 _aINNES, M. M.
260 _a[S.N] :
_bPENGUIN BOOKS ،
_c1964
300 _a364 P
650 0 4 _aLATIN LITERATURE
650 0 4 _aMYTHOLOGY - GREEK
650 0 4 _aOVID
942 _2ddc
_cBK
999 _c19736
_d19736